000 01003nam a2200265 a 4500
001 BRL_1553
005 20190320211247.0
008 030314s1991----mx-aob####---#000-0#spa-#
020 _a9686415106
041 _aspa
044 _amx
050 4 _aSB317.M47
_b.A74 1991
100 1 _aArgüelles, Andrés de G.
_927256
245 1 0 _aExplotación del mezquite en San Luis Potosí
_buna perspectiva histórica
_ctexto Andrés de G. Argüelles ; fotografía R. Alejandro Montoya.
260 _aSan Luis Potosí, S.L.P.
_bArchivo histórico del Estado de San Luis
_c1991
300 _a88 p.
_bil., fotografías (blanco y negro), mapas
_c23 cm.
500 _aej.1 Au1817, ej.2 Au2115
500 _aLa biblioteca cuenta con 2 ejemplares
504 _aBibliografía: p. 80-87
650 1 4 _aMezquite
_xHistoria
_zSan Luis Potosí (Estado)
_927257
650 1 4 _aMezquite
_xHistoria - Uso
_zSan Luis Potosí (Estado)
_927258
700 1 _aMontoya, R. Alejandro
_eil.
_927259
902 _aGRL
942 _2lcc
_cB
999 _c10362
_d10362